BIAŁA I SYPKA RZECZ UŻYWANA W KUCHNI - Statystyki

Ogólne statystyki
  • Ten quiz został rozwiązany 351 razy
  • Średni wynik to 4 z 6
Statystyki odpowiedzi
Odpowiedź % Poprawnych
SÓL
98%
CUKIER
97%
MĄKA
89%
PROSZEK DO PIECZENIA
65%
SODA
50%
KWAS CYTRYNOWY
6%
Nie znaleziono quizów pasujących do podanych kryteriów
Rozkład punktacji
Procent ludzi z każdym wynikiem
Percentyl według liczby udzielonych odpowiedzi
Twoja historia wyników
Nie rozwiązałeś tego quizu